000 00632nam a2200265Ia 4500
008 210210b2006 xxu||||| |||| 00| 0 eng d
041 _aeng
082 _a070.195 ARYT
100 _aARYA (Bob)
245 _aThirty seconds to air: a field reporters guide to live television reporting
260 _aDelhi
_bSurjeet Publications
_c2006
300 _axxii,224
650 _aThirty
650 _atelevision
650 _aseconds
650 _areporting
650 _areporters
650 _alive
650 _aguide
650 _afield
650 _aair
650 _a30
690 _aReporting
906 _a073681
999 _c123418
_d123418